La réponse contient un double C - Statistiques

Statistiques générales
  • Ce quiz a été pris 63 fois
  • Le résultat moyen est 13 sur 20
Statistiques - réponses
Indices Réponses % Correct
Pantin de bois dont le nez s'allonge quand il ment Pinocchio
95%
Dans une voiture, il faut appuyer dessus pour augmenter sa vitesse Accélérateur
88%
Qui se situe à l'Ouest Occident
88%
Relatif à la bouche Buccal
86%
Marque de mode de luxe italienne créée en 1921 et dont le logo représente deux G Gucci
85%
Actrice et mannequin italienne ayant interprété Cléopâtre dans le film "Astérix et Obélix : Mission Cléopâtre" Monica Bellucci
85%
Insecte surnommé "bête à bon Dieu" Coccinelle
83%
Quand une voiture percute une autre voiture Accident
81%
Se dit de quelqu'un chose qui est à vendre et qui n'est pas neuf Occasion
80%
Préparation biologique administrée dans le corps pour créer une immunité à une maladie ou un virus Vaccin
80%
Préparation culinaire consistant en de très fines tranches de viande crue Carpaccio
71%
Petit os triangulaire situé à l'extrémité inférieure de la colonne vertébrale Coccyx
69%
Tache sur la peau suite à un coup, on l'appelle souvent "bleu" Ecchymose
68%
Dieu du vin et de l'ivresse chez les Romains Bacchus
66%
Ctrl + V en est un pour le clavier d'ordinateur Raccourci
66%
Pâtes italiennes sous forme de petites boulettes Gnocchi
42%
Wookie accompagnant Han Solo dans l'univers de "Star Wars" Chewbacca
37%
Fête juive de huit jours symbolisant la résistance spirituelle du judaïsme à l'assimilation hellénistique Hanoucca
27%
Démon féminin séduisant les hommes durant leur sommeil et leurs rêves Succube
19%
Qui se produit après dans un ordre chronologique Succéder
8%
Aucun quiz correspondant
Distribution des résultats
% des personnes avec chaque résultat
Percentile par nombre de réponses
Votre historique - résultats
Vous n’avez pas pris ce quiz